| 000 | 00343nam a2200145 i 4500 | ||
|---|---|---|---|
| 001 | bg | ||
| 100 | 1 | _aHÜTER, P. | |
| 245 | 0 |
_aPolytechnisches Wörterbuch : _btechnik-wörterbuch / _cP. Hüter. |
|
| 250 | _a2 Aufl. | ||
| 260 |
_aBerlin, _c1966. |
||
| 040 | _cBPK | ||
| 041 | _apol | ||
| 942 | _cKS | ||
| 008 | s pl f |000 0 pol | ||
| 999 |
_c8571 _d8571 |
||
| 856 |
_uhttp://koha.tu.koszalin.pl/cgi-bin/koha/opac-detail.pl?biblionumber=8571 _yKatalog online BPK |
||